000 00420nam a2200181Ia 4500
001 1361
005 20260306143723.0
008 260306t2017||||xx |||||||||||||| ||spa||
041 _aESP
082 _a196.1
_bM58 T. 10
100 _aMillán-Puelles, Antonio
_eAUT
245 0 _aObras completas
260 _c2017
300 _a498 páginas :
_c25 cm.
650 _aGEN
654 _aCHU
942 _cLIB
_dJUS
_fJUS
_2ddc
_n
999 _c1361
_d1361